000 00454nam a2200181Ia 4500
005 20240823043658.0
008 240823s9999||||xx |||||||||||||| ||und||
041 _aENGLISH
082 _A005.43 P2
100 _aKrishnan N.
245 0 _aUnix Administration 3.5
250 _a1st
260 _c2002
_bManonmaniyam Sundaranar University Thrune
500 _aTRANSFERED
650 _aOracle
_bInformation Technology
942 _cBK
999 _c210784
_d210784